Nomeie uma capital estadual brasileira válida - Statistics

Estatísticas Gerais
  • Esse quiz foi jogado 470 vezes
  • A pontuação média é 18 de 27
Estatísticas das Respostas
Questão Capitais % Correto
Que possuem equipes que já ganharam a Copa Libertadores da América São Paulo | Porto Alegre | Belo Horizonte | Rio de Janeiro
98%
No Rio Amazonas Manaus | Macapá
89%
Com menos de 500 mil habitantes Palmas | Boa Vista | Vitória | Rio Branco
89%
Que ficam no nordeste e foram planejadas Salvador | Teresina | Aracaju
87%
Com mais de 30 municípios em sua região metropolitana São Paulo | Belo Horizonte | Porto Alegre
87%
Que a seleção brasileira jogou na Copa do Mundo de 2014 São Paulo | Belo Horizonte | Fortaleza | Brasília
86%
Que ficam no cerrado Campo Grande | Goiânia | Brasília | Palmas | Teresina
84%
No hemisfério norte Macapá | Boa Vista
78%
Localizadas em ilhas São Luís | Vitória | Florianópolis
78%
Ao sul do trópico de capricórnio Curitiba | Florianópolis | Porto Alegre
77%
Que não são as maiores cidades do estado Florianópolis | Vitória
75%
Que ficam a mais de 1000km de distância de alguma outra cidade no mesmo estado Belém | Manaus | Cuiabá | Salvador
73%
Com densidade populacional acima de 7 mil hab/km² Fortaleza | São Paulo | Belo Horizonte | Recife
70%
Com uma temperatura média anual menor do que 20° C Curitiba | Vitória | Porto Alegre | São Paulo
69%
Com IDH maior do que 0,820 Florianópolis | Vitória | Brasília | Curitiba
69%
Com IDH menor do que 0,740 Manaus | Porto Velho | Macapá | Rio Branco | Maceió
61%
Que já abrigou final de Copa do Mundo da FIFA Rio de Janeiro
61%
Com área total maior que 9 mil km² Porto Velho | Manaus | Rio Branco
60%
Que já foram capitais nacionais antes de Brasília Salvador | Rio de Janeiro
60%
Com densidade populacional abaixo de 50 hab/km² Boa Vista | Rio Branco | Porto Velho
59%
Com uma altitude maior que 800m Brasília | Curitiba | Belo Horizonte
59%
Com área total menor que 200km² Aracaju | Natal | Vitória
57%
Com uma temperatura média anual maior do que 27° C Rio de Janeiro | Teresina | Boa Vista
57%
Localizada a mais de 3000km de Brasília Boa Vista | Manaus | Rio Branco
49%
Nomeada por causa de uma pessoa (exceto entidades religiosas e santos) Rio Branco | João Pessoa | Teresina | Florianópolis
44%
Que fazem fronteira com outro estado Teresina | Macapá | Porto Velho
32%
Acima de 2400 mm de precipitação total anual Belém | Macapá | Recife
26%
Nenhum quiz correspondente encontrado
Distribuição das Pontuações
Porcentagem de Pessoas com Cada Pontuação
Percentil de Números Respondidos
Sua Pontuação Histórica
Você não jogou esse quiz